[Event "ST-2022-0-00212"]
[Site "LSS email"]
[Date "2022.01.10"]
[Round "?"]
[White "Bernal Varela, Nelson"]
[Black "Szabo, Vilmos"]
[Result "1/2-1/2"]
[WhiteElo "2402"]
[BlackElo "2392"]
[PlyCount "116"]
[EventDate "2021.12.01"]
[EventType "tourn (corr)"]
[EventRounds "6"]
[EventCountry "GER"]
[SourceTitle "Corr 2024"]
[Source "ChessBase"]
[SourceDate "2023.10.19"]
[SourceVersion "1"]
[SourceVersionDate "2023.10.19"]
[SourceQuality "1"]

1. e4 e5 2. Nf3 Nc6 3. Bb5 a6 4. Ba4 Nf6 5. 0-0 Be7 6. Re1 b5 7. Bb3 d6 8. c3 0-0 9. h3 Bb7 10. d4 Re8 11. Ng5 Rf8 12. Nf3 Re8 13. Nbd2 Bf8 14. Bc2 g6 15. a3 Bg7 16. d5 Nb8 17. c4 c6 18. b4 Qc7 19. dxc6 Bxc6 20. Bb3 h6 21. Bb2 Nbd7 22. Rc1 Qb6 23. Nh4 Nf8 24. Nhf3 N8d7 25. cxb5 axb5 26. a4 bxa4 27. Nc4 Qxb4 28. Ba2 Bf8 29. Ba3 Qb5 30. Nxd6 Bxd6 31. Qxd6 Rac8 32. Rc4 Kg7 33. Qd2 Qa6 34. Bc1 Rh8 35. Bb2 Rhd8 36. Qe3 Re8 37. Bc1 Rh8 38. Bb2 Rhe8 39. Rec1 Qb7 40. Ba1 Bxe4 41. Nxe5 Nxe5 42. Rxc8 Rxc8 43. Rxc8 Qxc8 44. Bxe5 Qc6 45. f3 Bd5 46. Bxd5 Qxd5 47. Qf4 Qc5+ 48. Kh2 Qb6 49. h4 a3 50. Bd4 Qe6 51. Kh1 Qa6 52. Kh2 a2 53. Ba1 Qe6 54. Bc3 Qc6 55. Bd4 Qa6 56. Qe5 Qe6 57. g4 g5 58. h5 Qa6 1/2-1/2

[Event "ST-2022-0-00212"]
[Site "LSS email"]
[Date "2022.01.10"]
[Round "?"]
[White "Wosch, Arkadiusz"]
[Black "Szabo, Vilmos"]
[Result "1/2-1/2"]
[WhiteElo "2300"]
[BlackElo "2392"]
[PlyCount "86"]
[EventDate "2021.12.01"]
[EventType "tourn (corr)"]
[EventRounds "6"]
[EventCountry "GER"]
[SourceTitle "Corr 2024"]
[Source "ChessBase"]
[SourceDate "2023.10.19"]
[SourceVersion "1"]
[SourceVersionDate "2023.10.19"]
[SourceQuality "1"]

1. e4 e5 2. Nf3 Nc6 3. Bc4 Nf6 4. d3 Bc5 5. c3 d6 6. 0-0 a6 7. Re1 0-0 8. Nbd2 Ba7 9. Bb3 Ng4 10. Re2 Kh8 11. h3 Nh6 12. Nf1 f5 13. d4 f4 14. dxe5 g5 15. exd6 g4 16. hxg4 Bxg4 17. N1h2 cxd6 18. c4 Ne5 19. Nxe5 Bxe2 20. Ng6+ hxg6 21. Qxe2 Kh7 22. Bc2 Rc8 23. b4 b5 24. Bb2 Qe7 25. cxb5 f3 26. Nxf3 Rxf3 27. gxf3 Qg5+ 28. Kf1 Nf7 29. Bd3 Qh5 30. Ke1 Ne5 31. Kd1 Rf8 32. Rc1 Rxf3 33. Rc7+ Kh6 34. Bc2 Bb6 35. Rc8 Qh1+ 36. Qe1 Qg2 37. Rh8+ Kg5 38. Qh1 Qxh1+ 39. Rxh1 axb5 40. Rg1+ Kh5 41. Rh1+ Kg5 42. Rg1+ Kh5 43. Rh1+ Kg5 1/2-1/2

[Event "ST-2021-0-00200"]
[Site "LSS email"]
[Date "2021.09.24"]
[Round "?"]
[White "Khorunzhy, Mikhail"]
[Black "Szabo, Vilmos"]
[Result "1/2-1/2"]
[WhiteElo "2384"]
[BlackElo "2414"]
[PlyCount "83"]
[EventDate "2021.08.14"]
[EventType "tourn (corr)"]
[EventRounds "6"]
[EventCountry "GER"]
[SourceTitle "Corr 2024"]
[Source "ChessBase"]
[SourceDate "2023.10.19"]
[SourceVersion "1"]
[SourceVersionDate "2023.10.19"]
[SourceQuality "1"]

1. e4 e5 2. Nf3 Nc6 3. Bb5 a6 4. Ba4 Nf6 5. 0-0 Be7 6. Re1 b5 7. Bb3 d6 8. c3 0-0 9. h3 Na5 10. Bc2 c5 11. d4 Qc7 12. Nbd2 cxd4 13. cxd4 Nc6 14. Nb3 Nb4 15. Bb1 a5 16. Bd2 Nc6 17. Qc2 Qb6 18. d5 Nb8 19. Qc3 b4 20. Qe3 Qxe3 21. Bxe3 a4 22. Nbd2 a3 23. b3 Ba6 24. Rc1 Nh5 25. g3 f5 26. exf5 Nd7 27. Ne1 Nhf6 28. Be4 Nxe4 29. Nxe4 Nf6 30. Nxf6+ Bxf6 31. Rc6 e4 32. Rd1 Be2 33. Rd2 Bb5 34. Rxd6 Bc3 35. Rd1 Be2 36. Rc1 Rad8 37. Rxd8 Rxd8 38. Nc2 Bf3 39. Kh2 h5 40. d6 Rxd6 41. Nxa3 Rd8 42. Nb1 1/2-1/2

[Event "ST-2021-0-00198"]
[Site "LSS email"]
[Date "2021.08.19"]
[Round "?"]
[White "Szabo, Vilmos"]
[Black "Sorcinelli, Andrea"]
[Result "1/2-1/2"]
[WhiteElo "2402"]
[BlackElo "2372"]
[PlyCount "66"]
[EventDate "2021.07.14"]
[EventType "tourn (corr)"]
[EventRounds "6"]
[EventCountry "GER"]
[SourceTitle "Corr 2024"]
[Source "ChessBase"]
[SourceDate "2023.10.19"]
[SourceVersion "1"]
[SourceVersionDate "2023.10.19"]
[SourceQuality "1"]

1. d4 Nf6 2. c4 e6 3. Nf3 d5 4. Nc3 Bb4 5. Bg5 h6 6. Bxf6 Qxf6 7. e3 0-0 8. Rc1 dxc4 9. Bxc4 c5 10. 0-0 cxd4 11. Ne4 Qe7 12. a3 Ba5 13. Qxd4 Rd8 14. Qc5 Qxc5 15. Nxc5 Nd7 16. Nb3 Bb6 17. a4 Nf6 18. Be2 Bd7 19. a5 Ba4 20. Nbd4 Bxd4 21. Nxd4 Rac8 22. h3 Kf8 23. a6 Rxc1 24. Rxc1 bxa6 25. Ra1 Be8 26. b3 Rb8 27. Bc4 Rb6 28. Ra5 Ne4 29. Bxa6 Nd2 30. Bc4 Rb4 31. Rxa7 Nxc4 32. bxc4 Rxc4 33. Nf3 Ra4 1/2-1/2

[Event "ST-2021-0-00197"]
[Site "LSS email"]
[Date "2021.08.12"]
[Round "?"]
[White "Willmann, Bernd"]
[Black "Szabo, Vilmos"]
[Result "1/2-1/2"]
[WhiteElo "2368"]
[BlackElo "2402"]
[PlyCount "69"]
[EventDate "2021.06.29"]
[EventType "tourn (corr)"]
[EventRounds "6"]
[EventCountry "GER"]
[SourceTitle "Corr 2024"]
[Source "ChessBase"]
[SourceDate "2023.10.19"]
[SourceVersion "1"]
[SourceVersionDate "2023.10.19"]
[SourceQuality "1"]

1. e4 e5 2. Nf3 Nc6 3. Bb5 a6 4. Ba4 Nf6 5. 0-0 Be7 6. Re1 b5 7. Bb3 d6 8. c3 0-0 9. h3 Na5 10. Bc2 c5 11. d4 Qc7 12. Nbd2 cxd4 13. cxd4 Bd7 14. Nf1 Rfe8 15. b3 Rac8 16. Re2 exd4 17. Nxd4 Nc6 18. Nxc6 Bxc6 19. Ng3 d5 20. e5 Ne4 21. Nxe4 dxe4 22. Bxe4 Red8 23. Qe1 Bxe4 24. Rxe4 Qc2 25. Bf4 h5 26. Qe3 Rd3 27. Qe1 Rdd8 28. e6 f6 29. Re2 Qd3 30. Rd2 Qf5 31. Rd7 Kf8 32. Rxd8+ Rxd8 33. Qe2 h4 34. Rf1 Rd5 35. Bb8 1/2-1/2

[Event "ST-2021-0-00197"]
[Site "LSS email"]
[Date "2021.08.11"]
[Round "?"]
[White "Szabo, Vilmos"]
[Black "Mueller Alves, Martin"]
[Result "1/2-1/2"]
[WhiteElo "2402"]
[BlackElo "2399"]
[PlyCount "56"]
[EventDate "2021.06.29"]
[EventType "tourn (corr)"]
[EventRounds "6"]
[EventCountry "GER"]
[SourceTitle "Corr 2024"]
[Source "ChessBase"]
[SourceDate "2023.10.19"]
[SourceVersion "1"]
[SourceVersionDate "2023.10.19"]
[SourceQuality "1"]

1. d4 Nf6 2. c4 e6 3. Nf3 d5 4. Nc3 c6 5. e3 Nbd7 6. Qc2 Bd6 7. Bd3 dxc4 8. Bxc4 0-0 9. 0-0 b5 10. Be2 Bb7 11. Rd1 Qc7 12. h3 Rad8 13. Nd2 a6 14. Nce4 c5 15. Nxd6 Qxd6 16. Nf1 Qe7 17. b3 cxd4 18. Rxd4 e5 19. Rd1 Ne4 20. Bd2 Rc8 21. Qb2 Nxd2 22. Nxd2 Nb6 23. Rac1 g6 24. Nf3 Rxc1 25. Rxc1 Re8 26. Nd2 b4 27. Bf3 e4 28. Be2 Rd8 1/2-1/2

[Event "ST-2021-0-00197"]
[Site "LSS email"]
[Date "2021.08.11"]
[Round "?"]
[White "Wosch, Arkadiusz"]
[Black "Szabo, Vilmos"]
[Result "1/2-1/2"]
[WhiteElo "2307"]
[BlackElo "2402"]
[PlyCount "86"]
[EventDate "2021.06.29"]
[EventType "tourn (corr)"]
[EventRounds "6"]
[EventCountry "GER"]
[SourceTitle "Corr 2024"]
[Source "ChessBase"]
[SourceDate "2023.10.19"]
[SourceVersion "1"]
[SourceVersionDate "2023.10.19"]
[SourceQuality "1"]

1. e4 e6 2. d4 d5 3. Nc3 Nf6 4. Bg5 Be7 5. e5 Nfd7 6. Bxe7 Qxe7 7. f4 a6 8. Nf3 c5 9. Ne2 Nc6 10. c3 0-0 11. Rc1 a5 12. Qd2 Nb6 13. Ng3 cxd4 14. cxd4 f5 15. Be2 Nc4 16. Bxc4 dxc4 17. a3 Rd8 18. Rxc4 Qe8 19. Nf1 b5 20. Rc5 Ne7 21. Ne3 Bb7 22. 0-0 h6 23. h3 Rd7 24. Kh2 Qd8 25. Rd1 Bxf3 26. gxf3 Ng6 27. Ng2 Qb6 28. Qd3 Rb8 29. h4 Ne7 30. Kg3 Kh7 31. Ne3 a4 32. Qc3 b4 33. axb4 Qxb4 34. Qxb4 Rxb4 35. d5 Nxd5 36. Nxd5 Rxd5 37. Rcxd5 exd5 38. Rxd5 Rxb2 39. Ra5 Rb4 40. h5 Kg8 41. e6 Rb8 42. Rxa4 Re8 43. Ra6 Re7 1/2-1/2

[Event "ST-2021-0-00192"]
[Site "LSS email"]
[Date "2021.06.16"]
[Round "?"]
[White "Szczepanski, Zbigniew"]
[Black "Szabo, Vilmos"]
[Result "1/2-1/2"]
[WhiteElo "2411"]
[BlackElo "2417"]
[PlyCount "89"]
[EventDate "2021.05.10"]
[EventType "tourn (corr)"]
[EventRounds "6"]
[EventCountry "GER"]
[SourceTitle "Corr 2024"]
[Source "ChessBase"]
[SourceDate "2023.10.19"]
[SourceVersion "1"]
[SourceVersionDate "2023.10.19"]
[SourceQuality "1"]

1. c4 Nf6 2. Nc3 e5 3. g3 Bb4 4. Bg2 0-0 5. e4 d6 6. Nge2 Nc6 7. 0-0 Bg4 8. f3 Be6 9. d3 Bc5+ 10. Kh1 a6 11. a3 Nd4 12. Rb1 h6 13. f4 Bg4 14. b4 Nxe2 15. Nxe2 Bxe2 16. Qxe2 Bd4 17. f5 a5 18. b5 Re8 19. Bf3 Kf8 20. h4 Nd7 21. Bh5 Nf6 22. Bf3 Ke7 23. g4 Nd7 24. g5 hxg5 25. hxg5 f6 26. Kg2 Rh8 27. g6 Qb8 28. Be3 Qa7 29. c5 Qxc5 30. Rfc1 Qb6 31. Qa2 Raf8 32. Bxd4 exd4 33. Rh1 d5 34. Qxd5 Qd6 35. Qxb7 Rxh1 36. Rxh1 Nc5 37. Qd5 Qxd5 38. exd5 Kd6 39. Rh4 Ke5 40. d6 cxd6 41. Rh7 Rg8 42. b6 d5 43. Kg3 Kd6 44. Kg2 Kc6 45. Kf1 1/2-1/2

[Event "WC-2020-S-00001"]
[Site "LSS email"]
[Date "2020.06.09"]
[Round "?"]
[White "Szabo, Vilmos"]
[Black "Petrovic, Djordje"]
[Result "1/2-1/2"]
[WhiteElo "2394"]
[BlackElo "2616"]
[PlyCount "72"]
[EventDate "2020.06.09"]
[EventType "tourn (corr)"]
[EventRounds "12"]
[EventCountry "GER"]
[SourceTitle "Corr 2024"]
[Source "ChessBase"]
[SourceDate "2023.10.19"]
[SourceVersion "1"]
[SourceVersionDate "2023.10.19"]
[SourceQuality "1"]

1. d4 Nf6 2. c4 g6 3. Nc3 Bg7 4. e4 d6 5. Nf3 0-0 6. Be2 e5 7. 0-0 Nc6 8. d5 Ne7 9. Be3 Ng4 10. Bd2 f5 11. Ne1 Nf6 12. f3 f4 13. Nd3 g5 14. a4 Rf7 15. Qb3 g4 16. Kf2 Ng6 17. Ke1 Nh4 18. Rg1 gxf3 19. gxf3 Ng4 20. Kd1 Ne3+ 21. Kc1 c5 22. a5 Kh8 23. Nb5 Qe7 24. Ne1 Bd7 25. Kb1 Bxb5 26. cxb5 Bh6 27. Ka2 Qd7 28. Nc2 Raf8 29. a6 b6 30. Nxe3 fxe3 31. Bxe3 Bxe3 32. Qxe3 Qh3 33. Rac1 Qxh2 34. Rh1 Qf4 35. Qxf4 Rxf4 36. b4 Nxf3 1/2-1/2

[Event "WC-2020-S-00001"]
[Site "LSS email"]
[Date "2020.06.09"]
[Round "?"]
[White "Ulasevich, Sergey"]
[Black "Szabo, Vilmos"]
[Result "1/2-1/2"]
[WhiteElo "2527"]
[BlackElo "2394"]
[PlyCount "51"]
[EventDate "2020.06.09"]
[EventType "tourn (corr)"]
[EventRounds "12"]
[EventCountry "GER"]
[SourceTitle "Corr 2024"]
[Source "ChessBase"]
[SourceDate "2023.10.19"]
[SourceVersion "1"]
[SourceVersionDate "2023.10.19"]
[SourceQuality "1"]

1. e4 e5 2. Nf3 Nc6 3. Bc4 Nf6 4. d3 Bc5 5. c3 a5 6. 0-0 d6 7. Re1 0-0 8. h3 Ba7 9. Nbd2 Be6 10. Bb5 Ne7 11. d4 c6 12. Ba4 Ng6 13. Bc2 Nh5 14. Nf1 Nhf4 15. Ng3 Qd7 16. Nf5 f6 17. N5h4 Bf7 18. Nf5 Be6 19. N5h4 Rae8 20. Nxg6 Nxg6 21. Be3 Bf7 22. a4 d5 23. dxe5 Bxe3 24. Rxe3 Nxe5 25. exd5 Qxd5 26. Qxd5 1/2-1/2

[Event "WC-2020-S-00002"]
[Site "LSS email"]
[Date "2020.06.08"]
[Round "?"]
[White "Szabo, Vilmos"]
[Black "Perez, Brigiliano"]
[Result "1/2-1/2"]
[WhiteElo "2394"]
[BlackElo "2508"]
[PlyCount "106"]
[EventDate "2020.06.08"]
[EventType "tourn (corr)"]
[EventRounds "12"]
[EventCountry "GER"]
[SourceTitle "Corr 2024"]
[Source "ChessBase"]
[SourceDate "2023.10.19"]
[SourceVersion "1"]
[SourceVersionDate "2023.10.19"]
[SourceQuality "1"]

1. d4 Nf6 2. c4 g6 3. Nc3 Bg7 4. e4 d6 5. Nf3 0-0 6. Be2 e5 7. 0-0 Nc6 8. d5 Ne7 9. Be3 Ng4 10. Bd2 f5 11. Ne1 Nf6 12. f3 f4 13. Qb3 g5 14. Nd3 Ng6 15. Kf2 g4 16. Ke1 Nh4 17. Rg1 gxf3 18. gxf3 Ng4 19. Kd1 Ne3+ 20. Kc1 Kh8 21. Ne1 c5 22. a4 Rb8 23. Nd1 Nxd1 24. Qxd1 Bd7 25. Nc2 Bf6 26. a5 Qc7 27. Be1 Ng6 28. Na3 a6 29. Nc2 Bh4 30. Bxh4 Nxh4 31. Qe1 Ng6 32. Qf2 b5 33. axb6 Rxb6 34. h4 Ne7 35. h5 Ng8 36. b4 cxb4 37. Kb2 Be8 38. Rgc1 Nf6 39. Ne1 Nd7 40. Nd3 Bxh5 41. c5 dxc5 42. Nxc5 Nxc5 43. Rxc5 Qd6 44. Rac1 b3 45. Qe1 Be8 46. Rc7 Rg8 47. Ra7 Rg7 48. Ra8 Rb8 49. Rc8 Rxc8 50. Rxc8 Rg8 51. Qa5 Bb5 52. Rxg8+ Kxg8 53. Bxb5 axb5 1/2-1/2

[Event "WC-2020-S-00002"]
[Site "LSS email"]
[Date "2020.06.08"]
[Round "?"]
[White "Szabo, Vilmos"]
[Black "Szczepanski, Zbigniew"]
[Result "1/2-1/2"]
[WhiteElo "2394"]
[BlackElo "2417"]
[PlyCount "77"]
[EventDate "2020.06.08"]
[EventType "tourn (corr)"]
[EventRounds "12"]
[EventCountry "GER"]
[SourceTitle "Corr 2024"]
[Source "ChessBase"]
[SourceDate "2023.10.19"]
[SourceVersion "1"]
[SourceVersionDate "2023.10.19"]
[SourceQuality "1"]

1. d4 Nf6 2. c4 e6 3. Nf3 d5 4. Nc3 dxc4 5. e4 Bb4 6. Bg5 c5 7. Bxc4 cxd4 8. Nxd4 Bxc3+ 9. bxc3 Qa5 10. Bb5+ Nbd7 11. Bxf6 Qxc3+ 12. Kf1 gxf6 13. h4 a6 14. Rh3 Qb4 15. Be2 Ne5 16. Rb1 Qd6 17. Rc3 0-0 18. h5 Rd8 19. Rg3+ Kf8 20. Qb3 Qc5 21. Nf3 Ke7 22. Nxe5 Qxe5 23. Qa3+ Qd6 24. Qe3 Qd4 25. Qc1 Qd2 26. Qc7+ Rd7 27. Qc5+ Qd6 28. Qe3 Qd4 29. Qf3 Qe5 30. Qa3+ Qd6 31. Qe3 Qd4 32. Qf4 b5 33. Rg7 Bb7 34. Rd1 Qxe4 35. Rxf7+ Kxf7 36. Rxd7+ Ke8 37. Qd6 Qxg2+ 38. Ke1 Qh1+ 39. Bf1 1/2-1/2

[Event "WC-2020-S-00001"]
[Site "LSS email"]
[Date "2020.04.01"]
[Round "?"]
[White "Szabo, Vilmos"]
[Black "Broniek, Mariusz Maciej"]
[Result "1/2-1/2"]
[WhiteElo "2404"]
[BlackElo "2442"]
[PlyCount "53"]
[EventDate "2020.04.01"]
[EventType "tourn (corr)"]
[EventRounds "12"]
[EventCountry "GER"]
[SourceTitle "Corr 2022"]
[Source "ChessBase"]
[SourceDate "2021.10.24"]
[SourceVersion "1"]
[SourceVersionDate "2021.10.24"]
[SourceQuality "1"]

1. d4 Nf6 2. c4 e6 3. Nf3 d5 4. Nc3 c6 5. e3 Nbd7 6. Qc2 Bd6 7. Bd3 dxc4 8. Bxc4 0-0 9. 0-0 b5 10. Be2 Bb7 11. Rd1 Qc7 12. h3 b4 13. Na4 c5 14. dxc5 Bxc5 15. Nxc5 Nxc5 16. b3 Nfe4 17. Bb2 Rac8 18. Rac1 Qe7 19. Qb1 a5 20. Rc2 f6 21. Ne1 Rfd8 22. f3 Rxd1 23. Qxd1 Rd8 24. Qc1 Ng3 25. Bc4 Ba6 26. Bxa6 Nxa6 27. Kh2 1/2-1/2

[Event "WC-2020-S-00001"]
[Site "LSS email"]
[Date "2020.04.01"]
[Round "?"]
[White "Szabo, Vilmos"]
[Black "Sidenko, Anatoly"]
[Result "1/2-1/2"]
[WhiteElo "2404"]
[BlackElo "2361"]
[PlyCount "71"]
[EventDate "2020.04.01"]
[EventType "tourn (corr)"]
[EventRounds "12"]
[EventCountry "GER"]
[SourceTitle "Corr 2022"]
[Source "ChessBase"]
[SourceDate "2021.10.24"]
[SourceVersion "1"]
[SourceVersionDate "2021.10.24"]
[SourceQuality "1"]

1. d4 d5 2. c4 c6 3. Nc3 Nf6 4. Nf3 e6 5. e3 Nbd7 6. Qc2 Bd6 7. Bd3 dxc4 8. Bxc4 0-0 9. 0-0 a6 10. Rd1 b5 11. Bd3 h6 12. e4 e5 13. h3 Qc7 14. Be3 Re8 15. Rac1 Bb7 16. a4 Rac8 17. axb5 cxb5 18. d5 Qb8 19. Qb1 b4 20. Ne2 Bxd5 21. exd5 e4 22. Bxe4 Nxe4 23. Ned4 Rxc1 24. Qxc1 Ndf6 25. Qc4 Qc8 26. Qxc8 Rxc8 27. Nf5 Bf8 28. d6 Nxd6 29. Nxd6 Rd8 30. Bc5 Ne4 31. Bxb4 Bxd6 32. Kf1 Be7 33. Rxd8+ Bxd8 34. Ne5 a5 35. Be1 a4 36. Nd3 1/2-1/2

[Event "WC-2020-T-00002"]
[Site "LSS email"]
[Date "2020.02.14"]
[Round "?"]
[White "Perez, Brigiliano"]
[Black "Szabo, Vilmos"]
[Result "1/2-1/2"]
[WhiteElo "2505"]
[BlackElo "2389"]
[PlyCount "101"]
[EventDate "2020.02.14"]
[EventType "tourn (corr)"]
[EventRounds "10"]
[EventCountry "GER"]
[SourceTitle "Corr 2022"]
[Source "ChessBase"]
[SourceDate "2021.10.24"]
[SourceVersion "1"]
[SourceVersionDate "2021.10.24"]
[SourceQuality "1"]

1. e4 e5 2. Nf3 Nc6 3. Bb5 a6 4. Ba4 Nf6 5. 0-0 Be7 6. Re1 b5 7. Bb3 d6 8. c3 0-0 9. h3 Na5 10. Bc2 c5 11. d4 cxd4 12. cxd4 Qc7 13. Nbd2 Bd7 14. Nf1 Rfe8 15. b3 Rac8 16. Ne3 Nc6 17. Bb2 Qb7 18. Rc1 Bf8 19. Nf1 g6 20. Qd2 a5 21. Red1 Bg7 22. Ng3 h5 23. Bb1 exd4 24. Qf4 Ne5 25. Rxc8 Bxc8 26. Nxd4 a4 27. Bc2 Qb6 28. Ba1 Bd7 29. Nge2 b4 30. Qe3 Ra8 31. f4 Bb5 32. Kh1 h4 33. Qg1 Ned7 34. Nxb5 Qxb5 35. Bd3 Qh5 36. Qe3 Qa5 37. f5 gxf5 38. exf5 axb3 39. axb3 Qa2 40. Bd4 Qxb3 41. Rd2 Qa4 42. Qf4 b3 43. Qxh4 Qb4 44. Rd1 Ne5 45. Bb1 b2 46. Qg5 Qc4 47. Ng3 Qb3 48. Rd3 Qb5 49. Rd1 Qb3 50. Rd3 Qb4 51. Rd1 1/2-1/2